A century of excavation in Palestine /

Bibliographic Details
Main Author: Macalister, Robert Alexander Stewart, 1870-1950
Format: Book
Language:English
Published: London : The Religious Tract Society, [1925]
Subjects:

MARC

Tag First Indicator Second Indicator Subfields
LEADER 00000cam a2200000 4500
001 in00000010985
005 20151007051949.0
008 770608s1925 enkabef b 00110 eng
010 |a  26008597  
035 |a (OCoLC)03025401 
035 |9 AAA5653AM 
040 |a DLC  |c TJC  |d TXA  |d UtOrBLW 
049 |a TXAM  |c [A11054603] 
050 0 0 |a DS111  |b .M3 
100 1 |a Macalister, Robert Alexander Stewart,  |d 1870-1950. 
245 1 2 |a A century of excavation in Palestine /  |c by R. A. S. Macalister. 
264 1 |a London :  |b The Religious Tract Society,  |c [1925] 
300 |a 335 pages, 36 unnumbered leaves of plates :  |b illustrations, map, plan ;  |c 22 cm. 
336 |a text  |b txt  |2 rdacontent 
337 |a unmediated  |b n  |2 rdamedia 
338 |a volume  |b nc  |2 rdacarrier 
504 |a "A short bibliography": pages 327-328. 
500 |a Includes index. 
651 0 |a Palestine  |x Antiquities. 
650 0 |a Excavations (Archaeology)  |z Palestine. 
999 |a MARS 
999 f f |s 05b89aa6-e01f-31f0-884d-f4304393db0a  |i 0dc7c167-4214-357d-8600-c6748e8a99da  |t 0 
952 f f |p ric  |a Texas A&M University  |b Rellis Campus  |c Joint Library Facility  |d Remote Storage  |t 0  |e DS111 .M3  |h Library of Congress classification  |i unmediated -- volume  |m A14811054603 
998 f f |a DS111 .M3  |t 0  |l Remote Storage